LEADER 02353nam 22006493u 450 001 9910454364303321 005 20210803193250.0 010 $a1-280-52777-3 010 $a0-19-802373-1 035 $a(CKB)1000000000718469 035 $a(EBL)272988 035 $a(OCoLC)476013644 035 $a(SSID)ssj0000361715 035 $a(PQKBManifestationID)12143833 035 $a(PQKBTitleCode)TC0000361715 035 $a(PQKBWorkID)10352706 035 $a(PQKB)10059493 035 $a(MiAaPQ)EBC272988 035 $a(EXLCZ)991000000000718469 100 $a20140113d1995|||| u|| | 101 0 $aeng 135 $aur|n|---||||| 181 $ctxt 182 $cc 183 $acr 200 14$aThe Intelligible Constitution$b[electronic resource] $eThe Supreme Court's Obligation to Maintain the Constitution as Something We the People Can Understand 210 $aNew York $cOxford University Press$d1995 215 $a1 online resource (222 p.) 300 $aDescription based upon print version of record. 311 $a0-19-507328-2 327 $aContents; A Foreword; Part I: WHY AN INTELLIGIBLE CONSTITUTION; Part II: OPINION STUDIES; Part III: CANONS OF COMPREHENSIBILITY; Appendix: The Constitution of the United States; Notes; Case Index; Name Index; Index 330 $aThis volume is an examination of the Constitution and the manner in which the Supreme Court has failed to communicate its opinions to the public in a comprehensible manner. 606 $aConstitutional law 606 $aJudicial opinions 606 $aConstitutional law$zUnited States 606 $aJudicial opinions$zUnited States 606 $aLaw - U.S. - General$2HILCC 606 $aLaw - U.S$2HILCC 606 $aLaw, Politics & Government$2HILCC 608 $aElectronic books. 615 4$aConstitutional law. 615 4$aJudicial opinions. 615 0$aConstitutional law 615 0$aJudicial opinions 615 7$aLaw - U.S. - General 615 7$aLaw - U.S. 615 7$aLaw, Politics & Government 676 $a347.3022 676 $a347.7326347.30735 700 $aGoldstein$b Joseph$f1923-2000.$0945143 801 0$bAU-PeEL 801 1$bAU-PeEL 801 2$bAU-PeEL 906 $aBOOK 912 $a9910454364303321 996 $aThe Intelligible Constitution$92133732 997 $aUNINA LEADER 01226nam a2200337 i 4500 001 991000904699707536 005 20020507175556.0 008 010508s1991 us ||| | eng 020 $a0471621870 035 $ab10773678-39ule_inst 035 $aLE01304101$9ExL 040 $aDip.to Matematica$beng 082 0 $a003.54 084 $aAMS 90A60 084 $aAMS 90B 084 $aAMS 94A17 084 $aAMS 94A20 084 $aQA268.A36 100 1 $aAdámek, Jirí$055617 245 10$aFoundations of coding :$btheory and applications of error-correcting codes, with an introduction to cryptography and information theory /$cJirí Adámek 260 $aChichester :$bJ. Wiley & Sons,$cc1991 300 $axiii, 336 p. :$bill. ;$c25 cm. 500 $a"A Wiley-Interscience publication." 500 $aIncludes bibliographical references (p. 327-329) and index 650 4$aCoding theory 907 $a.b10773678$b02-04-14$c28-06-02 912 $a991000904699707536 945 $aLE013 90B ADA11 (1991)$g1$i2013000126357$lle013$o-$pE0.00$q-$rl$s- $t0$u2$v0$w2$x0$y.i10872334$z28-06-02 996 $aFoundations of coding$9835089 997 $aUNISALENTO 998 $ale013$b01-01-01$cm$da $e-$feng$gus $h0$i1 LEADER 03111nam 22006495 450 001 9910255279903321 005 20251030101957.0 010 $a9781137402813 010 $a1137402814 024 7 $a10.1057/978-1-137-40281-3 035 $a(CKB)3710000001410829 035 $a(DE-He213)978-1-137-40281-3 035 $a(MiAaPQ)EBC4883993 035 $a(PPN)259453870 035 $a(Perlego)3498306 035 $a(EXLCZ)993710000001410829 100 $a20170622d2017 u| 0 101 0 $aeng 135 $aurnn|008mamaa 181 $ctxt$2rdacontent 182 $cc$2rdamedia 183 $acr$2rdacarrier 200 14$aThe Catholic Church in Polish History $eFrom 966 to the Present /$fby Sabrina P. Ramet 205 $a1st ed. 2017. 210 1$aNew York :$cPalgrave Macmillan US :$cImprint: Palgrave Macmillan,$d2017. 215 $a1 online resource (XXIX, 300 p. 7 illus. in color.) 225 1 $aPalgrave Studies in Religion, Politics, and Policy,$x2731-6777 311 08$a9781137426222 311 08$a1137426225 330 $aThe book chronicles the evolution of the church's political power throughout Poland's unique history. Beginning in the tenth century, the study first details how Catholicism overcame early challenges in Poland, from converting the early polytheists to pushing back the Protestant Reformation half a millennium later. It continues into the dawn of the modern age?including the division of Poland between Prussia, Russia, and Austria between 1772 and 1795, the interwar years, the National Socialist occupation of World War Two, and the communist and post-war communist eras?during which The Church only half-correctly presented itself as a steadfast protector of Poles, with clergy members who either stood up to foreign authorities or collaborated with those same Nazi and Communist leaders. This study ends with a consideration of how the Church has taken advantage of the fall of communism to push its own social agenda, at times against the wishes of most Poles. 410 0$aPalgrave Studies in Religion, Politics, and Policy,$x2731-6777 606 $aEurope$xPolitics and government 606 $aReligion and politics 606 $aPolitical science 606 $aEurope, Central$xHistory 606 $aCatholic Church 606 $aEuropean Politics 606 $aPolitics and Religion 606 $aPolitical Theory 606 $aHistory of Germany and Central Europe 606 $aCatholicism 615 0$aEurope$xPolitics and government. 615 0$aReligion and politics. 615 0$aPolitical science. 615 0$aEurope, Central$xHistory. 615 0$aCatholic Church. 615 14$aEuropean Politics. 615 24$aPolitics and Religion. 615 24$aPolitical Theory. 615 24$aHistory of Germany and Central Europe. 615 24$aCatholicism. 676 $a320.94 700 $aRamet$b Sabrina P$4aut$4http://id.loc.gov/vocabulary/relators/aut$0943457 906 $aBOOK 912 $a9910255279903321 996 $aThe Catholic Church in Polish History$92129346 997 $aUNINA